Peregrinaciones de una paria /

Uloženo v:
Podrobná bibliografie
Hlavní autor: Tristán, Flora (autor)
Další autoři: Basadre, Jorge (prólogo) (prólogo), Romero, Emilia (notas y traducción) (notas y traducción)
Médium: Kniha
Jazyk:španělština
Vydáno: Palma de Mallorca, España : José J. de Olañeta, 2003, c2003
Edice:(Tierra Incógnita ; 50)
Témata:
Tagy: Přidat tag
Žádné tagy, Buďte první, kdo vytvoří štítek k tomuto záznamu!

MARC

LEADER 00000nam^a2200000^a^4500
001 000156640
005 20250521000000.0
009 20260310100511.465
020 |a 84-9716-296-X 
037 |a Acervo ITESO - Biblioteca 
041 |a ESP 
082 |a 843.  |b TRI 
100 |a Tristán, Flora  |e (autor) 
245 1 0 |a Peregrinaciones de una paria /  |c F. Tristán ; pról. de J. Basadre ; notas y tr. por E. Romero. 
264 4 |a Palma de Mallorca, España :  |b José J. de Olañeta,  |c 2003, c2003 
300 |a XXIII, 444 p. 
336 |a texto  |b txt  |2 rdacontenido 
337 |a sin mediación  |b n  |2 rdamedio 
338 |a volumen  |b nc  |2 rdasoporte 
440 1 |a (Tierra Incógnita ;  |v 50) 
500 |a Traducción de: Les Pérégrinations d'une paria 
534 |a Reproducción facsimilar de la edición de 1946, publicada por la Editorial Cultura Antártica en Lima, Perú 
545 0 |a Flora Tristán (París, 1803 – Burdeos, 1844), precursora feminista y pensadora socialista francesa. Hija de un coronel peruano de la armada española y de madre francesa, con la muerte de su padre, cuando tenía 4 años, la familia se hundió en la pobreza. Comenzó a trabajar como obrera en un taller de litografía y a los 17 años de edad, se casó con el propietario de ésta, André Chazal (1796-1860). Decepcionada del matrimonio, trabajó en Inglaterra como empleada doméstica y viajó en 1833 a Perú para reclamar la herencia que le correspondía de su padre, pero solamente consiguió una pensión mensual. Sus amargas vivencias despertaron en ella un pensamiento y una actitud revolucionaria que la convirtieron en una de las pioneras del movimiento feminista. Se convirtió en defensora declarada de los derechos y libertades de la clase obrera y de las mujeres. Su breve, pero fructífera obra, comprende Nécessité de faire un bon accueil aux femmes étrangères (1835), proyecto que integra los pensamientos utópico y feminista; las memorias de viajes Peregrinaciones de una paria (1838) y Paseos por Londres: la aristocracia y los proletarios ingleses (1840); la novela Méphis (1838) y el ideario político Unión obrera (1843), así como –en forma póstuma- el ensayo específicamente feminista La emancipación de la mujer o El testamento de una paria (1846) y el diario El Tour de Francia, 1843-1844: estado actual de la clase obrera en los aspectos moral, intelectual y material (1973). A partir de Morceaux choisis [Piezas seleccionadas] (1947) han sido editadas diversas antologías, como Ensayos escogidos (Lima, 1974), Utopismo socialista: 1830-1893 (Caracas, 1977), Feminismo y socialismo (Madrid, 2003). Abuela del pintor posimpresionista Paul Gauguin (1848-1903), ambos son protagonistas de El protagonista en la otra esquina (2003), novela histórica de Mario Vargas Llosa. 
649 |a XX 
650 |a Feministas Francesas -  |x Memorias 
650 |a Activistas Sociales Francesas -  |x Memorias 
650 |a Mujeres Francesas -  |x Memorias 
650 |a Libros de Viajes -  |z Perú 
650 |a Libros de Viajes Franceses 
650 |a Memorias Francesas 
650 |a Diarios Literarios Franceses 
650 |a Crónicas Francesas 
650 |a Literatura Autobiográfica -  |z Francia 
650 |a Literatura de Mujeres -  |z Francia 
650 |a Literatura Francesa -  |y Siglo XIX 
650 |a Feminismo 
650 |a Perú en la Literatura 
650 |a Perú -  |x Condiciones Sociales y Culturales 
650 |a Viajes y Travesías -  |z Perú 
650 |a Perú -  |x Historia -  |y 1824-1836 -  |x Tema Principal 
650 |a Perú -  |x Historia -  |y Siglo XIX 
650 |a Tristán, Flora -  |x Tema Principal 
700 |a Basadre, Jorge  |e (prólogo) 
700 |a Romero, Emilia  |e (notas y traducción) 
910 |a Fondo General 
920 |a Impresos - Libros 
930 |a Colección General 
940 |a Literatura 
905 |a 101 
901 |a 0500085185  |b IT1  |c LIT  |u 20250521 
902 |a https://opac.biblio.iteso.mx/vufind/Record/000156640